000 00693cab a2200241 4500
001 ABS55661
008 090401t1996 xxu||||| |||| 00| 0 eng d
035 _a(Sirsi) u17851
041 _aeng
100 _aHoughton, S.
245 _aBuilding for security
260 _c1996
350 _a0
490 _aASI Journal
_v8(2) July 1996, 6-7(2)
520 _aExamines latest security measures such as electonic passes stressing the importance of fitting adequate locking devices to windows and doors.
650 _aBOLTS
650 _aELECTRONIC KEYS
650 _aLOCKS
650 _aSECURITY
690 _aBUILDING AND CONSTRUCTION-SECURITY
942 _n0
948 _c04/03/1997
999 _c11839
_d11839